000 01825cam a22004214i 4500
003 PE-LiUPU
005 20250731173202.0
008 150625s r 000 0 d
035 _a(Sirsi) a30235
040 _aPE-LiUPU
_bspa
_cPE-LiUPU
_erda
082 0 4 _a205
_bAB/32/R87
_221
100 1 _aRuckstuhl, Eugen,
_eautor.
245 1 3 _aLa resurrección de Jesucristo :
_bhecho historico salvífico y foco de la Fe /
_cEugen Ruckstuhl.
264 1 _aMadrid :
_bEdiciones Fax,
_c1972.
300 _a202 páginas ;
_c21 cm.
336 _atext
_2rdacontent
337 _aunmediated
_2rdamedia
338 _avolume
_2rdacarrier
505 0 _aLa resurreccion segun el testimonio de Pablo. -Las narraciones de la pascua en los evangelios. -El acontecimiento salfifico de la resurreccion de Jesus y las apraciones del resucitado. -Lugar e importancia de la resurreccon de Cristo en la iglesia primitiva. -Resurreccion, exaltacion y ascencion de Jesus. El desarrollo de la fe pascual en la epoca apostolica. -Resurreccion de Cristo, resurrecion de los cristianos y consumacion de la historia salfifica en la perspectiva paulina.
526 _aSEG42
526 _aSEG41
526 _aSEG40
526 _aSEG39
526 _aP94
526 _aP87
526 _aP86
526 _aP85
526 _aP77
526 _aP76
526 _aP35
600 1 4 _aJesucristo
_xResurrección.
910 _a
942 _2ddc
_cBOOK
949 _a205 AB/32/R87
_wDEWEY
_c1
_i37230
_lCCODEBUL1
_mBUL
_p00.00
_r0
_sY
_tBOOK
_u2015-06-25
_xBIBLIOTECA
_zUNKNOWN
_0COMPRA
_o.STAFF. Colección General
596 _a1
999 _a205 AB/32/R87
_wDEWEY
_c37669
_i37230
_f2021-11-11
_g5
_lCCODEBUL1
_mBUL
_r0
_sY
_tBOOK
_u2015-6-25
_xTEOLOGIA
_zUNKNOWN
_0COMPRA
_o.STAFF. Colección General
_d37669
980 _81
_gALBERTO SANCHEZ Responsable de Automatización